Marks, Bernard (Record no. 124561)

MARC details
000 -LEADER
fixed length control field 00258nam a2200109Ia 4500
082 ## - DEWEY DECIMAL CLASSIFICATION NUMBER
Classification number 355.0968 MAR
020 ## - INTERNATIONAL STANDARD BOOK NUMBER
International Standard Book Number "
008 - FIXED-LENGTH DATA ELEMENTS--GENERAL INFORMATION
fixed length control field 210816s9999 xx 000 0 und d
100 ## - MAIN ENTRY--PERSONAL NAME
Personal name Our South Africa army today
9 (RLIN) 34336
245 #0 - TITLE STATEMENT
Title Marks, Bernard
942 ## - ADDED ENTRY ELEMENTS
item type Books
Holdings
Withdrawn status Lost status Damaged status Not for loan Home library Current library Date acquired Cost, normal purchase price Total Checkouts Barcode Date last seen Price effective from item type
        Masoyi Masoyi 17.08.2021 100.00   33228001060035 17.08.2021 17.08.2021 Books